Note sur une nouvelle coupe observée áa Rilly-la-Montagne, près Reims / (Record no. 52948)
[ view plain ]
| 000 -LEADER | |
|---|---|
| campo de control de longitud fija | 00407nam a2200133 i 4500 |
| 001 - NÚMERO DE CONTROL | |
| campo de control | 52948 |
| 003 - IDENTIFICADOR DE NÚMERO DE CONTROL | |
| campo de control | ES-MaACL |
| 007 - CAMPO FIJO DE DESCRIPCIÓN FÍSICA--INFORMACIÓN GENERAL | |
| campo de control de longitud fija | t| |
| 008 - DATOS DE LONGITUD FIJA--INFORMACIÓN GENERAL | |
| campo de control de longitud fija | 030930s1876 fr ||||1| fre d |
| 100 1# - ENTRADA PRINCIPAL--NOMBRE DE PERSONA | |
| Nombre de persona | Dollfus, Gustave-Frédéric. |
| 9 (RLIN) | 45032 |
| 245 10 - MENCIÓN DEL TÍTULO | |
| Título | Note sur une nouvelle coupe observée áa Rilly-la-Montagne, près Reims / |
| Mención de responsabilidad, etc. | par Gustave Dollfus. |
| 260 ## - PUBLICACIÓN, DISTRIBUCIÓN, ETC. | |
| Lugar de publicación, distribución, etc. | Lille : |
| Nombre del editor, distribuidor, etc. | [s.n.], |
| Fecha de publicación, distribución, etc. | 1876. |
| 852 ## - LOCALIZACIÓN | |
| Ubicación | ES-MaACL |
| Número de control de estantería | T-962-F-15 |
| Estatus retirado | Estado de pérdida | Estado de daño | No para préstamo | Colección | Biblioteca de origen | Biblioteca actual | Ubicación en estantería | Fecha de adquisición | Fuente de adquisición | Total de préstamos | Signatura topográfica completa | Código de barras | Visto por última vez | Precio de reemplazo | Tipo de ítem Koha |
|---|---|---|---|---|---|---|---|---|---|---|---|---|---|---|---|
| Colección de folletos | Biblioteca del Ateneo de Madrid | Biblioteca del Ateneo de Madrid | Depósito folletos | 17/01/2008 | T-962-F-15 | 1055642 | 23/02/2023 | 23/02/2023 | Folleto |
